| 000 | 00342nam a22001457a 4500 | ||
|---|---|---|---|
| 003 | SGT | ||
| 020 | _a978-81-8457-340-4 | ||
| 082 |
_a362.40 _bBOR |
||
| 100 | _aBORAIAN M P | ||
| 245 | _aSTATUS AND PROBLEMS OF CHILDREN WITH DISABILITIES | ||
| 260 |
_aKANISHKA PUB NEW DELHI _c2022 |
||
| 300 | _a122 | ||
| 650 | _aEDUCATION | ||
| 942 |
_2ddc _cBK |
||
| 999 |
_c23132 _d23132 |
||